00441nam a2200169Ia 4500008004100000020001800041245003400059245004300093260002400136260002500160260000900185300001500194300002500209300001000234500000800244999001900252170705s9999 xx 000 0 und d a9781426303258 aFace to face with elephants / cby Beverly Joubert and Dereck Joubert. aWashington, D. C. : bNational Geographic, c2008 a31 pages : bcolor illustration ; c26cm. a890 c337233d337233